|
|
|
|
| LEADER |
01465nam a2200361 a 4500 |
| 001 |
42011 |
| 003 |
BD-DhAAL |
| 008 |
231228t1985 mau b 001 0 eng d |
| 010 |
|
|
|a 84018811
|
| 020 |
|
|
|a 0871504707 (pbk.)
|
| 040 |
|
|
|a DLC
|c DLC
|d DLC
|d BD-DhAAL
|
| 050 |
0 |
0 |
|a QA276.4
|b .R9 1985
|
| 082 |
0 |
0 |
|a 001.64
|
| 100 |
1 |
|
|a Ryan, Barbara F.
|9 55864
|
| 245 |
1 |
0 |
|a Minitab handbook /
|c Barbara F. Ryan, Brian L. Joiner, Thomas A. Ryan.
|
| 250 |
|
|
|a Second edition.
|
| 260 |
|
|
|a Boston :
|b Duxbury Press,
|c c1985.
|
| 300 |
|
|
|a ix, 374 pages ;
|c 24 cm.
|
| 500 |
|
|
|a Rev. ed. of: Minitab student handbook / Thomas A. Ryan, Jr. c1976.
|
| 504 |
|
|
|a Includes bibliographical references (pages 364-369) and index.
|
| 526 |
|
|
|a ESS
|
| 541 |
|
|
|a Complimentary copy from Professor Dr. Nasreen Khundker
|e 42011
|
| 630 |
0 |
0 |
|a Minitab.
|9 55865
|
| 650 |
|
0 |
|a Statistics
|x Data processing.
|
| 650 |
|
0 |
|a Mathematical statistics
|x Data processing.
|
| 650 |
|
0 |
|a Computer science.
|
| 700 |
1 |
|
|a Joiner, Brian L.
|9 55866
|
| 700 |
1 |
|
|a Ryan, Thomas A.
|q (Thomas Arthur),
|d 1940-
|9 55867
|
| 700 |
1 |
|
|a Ryan, Thomas A.
|q (Thomas Arthur),
|d 1940-
|t Minitab student handbook.
|9 55868
|
| 852 |
|
|
|a Ayesha Abed Library
|c General Stacks
|
| 942 |
|
|
|2 ddc
|c BK
|
| 999 |
|
|
|c 46266
|d 46266
|
| 952 |
|
|
|0 0
|1 0
|2 ddc
|4 0
|6 001_640000000000000_RYA
|7 0
|9 74890
|a BRACUL
|b BRACUL
|c GEN
|d 2023-12-28
|e Complimentary copy from Professor Dr. Nasreen Khundker
|l 0
|o 001.64 RYA
|p 3010042011
|r 2023-12-28
|t 1
|w 2023-12-28
|y BK
|